000
00254pab a2200109 454500
008
180718b xxu||||| |||| 00| 0 eng d
100
_a
Balavam, A.
245
_a
Vice Control - drag on police
650
_a
Police
773
_a
Hindustan Times
909
_a
23488
999
_c
23488
_d
23488